000 00449nam a2200157Ia 4500
008 100122s9999 xx 000 0 und d
082 _b75145
_aBM823.08
100 _aपुणेकर ईशान
245 _aगोष्टी कानोकानी
250 _a1
260 _c2009
300 _a30
630 _aगोष्टी कानोकानी
730 _aगोष्टी कानोकानी
942 _cBOOK
999 _c391197
_d391194